Terminologičeskij spravočnik po rezine : Spravočnik /

Salvato in:
Dettagli Bibliografici
Autori principali: Machlis, Feliks (Autore), Fedjukin, Dmitrij Ľvovič (Autore)
Natura: Libro
Lingua:russo
Pubblicazione: Moskva : Chimija, 1989
Tags: Aggiungi Tag
Nessun Tag, puoi essere il primo ad aggiungerne!!

MARC

LEADER 00000nam a22000003a 4500
001 stu17124
005 20150617225758.9
008 ------s1989----xxr-----------------rus-d
040 |a STU  |b slo 
041 0 |a rus 
044 |a xxr 
080 |a 678.4 
100 1 |a Machlis, Feliks  |4 aut 
245 1 |a Terminologičeskij spravočnik po rezine :  |b Spravočnik /  |c [aut.]Machlis,Feliks, Fedjukin,Dmitrij Ľvovič 
260 |a Moskva :  |b Chimija,  |c 1989 
300 |a 398 s :  |b Literatúra 
700 1 |a Fedjukin, Dmitrij Ľvovič  |4 aut 
996 |b C87141  |c C*87141  |l CCXXIVA  |s P  |a 0  |w stu17124_0001 
996 |b C87142  |c C*87142  |l CCXXIVA  |s P  |a 0  |w stu17124_0002